Loading...
Auditory Arts | 4 | 12.50 | 100% | 25% | 0% |
Beliefs | 10 | 13.00 | 90% | 40% | 0% |
Current Events | 4 | 25.00 | 100% | 100% | 50% |
Fine Arts - Other Arts | 6 | 16.67 | 83% | 50% | 33% |
Geography | 2 | 5.00 | 50% | 0% | 0% |
History - American History | 2 | 20.00 | 100% | 50% | 50% |
History - Ancient History | 3 | 16.67 | 100% | 67% | 0% |
History - European History | 4 | 12.50 | 100% | 25% | 0% |
History - Other History | 1 | 20.00 | 100% | 100% | 0% |
History - World History | 6 | 16.67 | 100% | 50% | 17% |
Literature - American Literature | 6 | 21.67 | 100% | 100% | 17% |
Literature - British Literature | 5 | 20.00 | 100% | 100% | 0% |
Literature - European Literature | 5 | 26.00 | 100% | 80% | 80% |
Literature - World Literature | 5 | 24.00 | 100% | 80% | 60% |
Other Academic | 1 | 10.00 | 100% | 0% | 0% |
Philosophy | 5 | 22.00 | 100% | 100% | 20% |
Science - Biology | 4 | 15.00 | 100% | 50% | 0% |
Science - Chemistry | 4 | 12.50 | 100% | 25% | 0% |
Science - Other Science | 4 | 20.00 | 100% | 50% | 50% |
Science - Physics | 4 | 12.50 | 100% | 0% | 25% |
Social Science | 8 | 13.75 | 88% | 38% | 13% |
Visual Arts | 3 | 10.00 | 67% | 0% | 33% |